| 000 | 02372nam a22003497a 4500 | ||
|---|---|---|---|
| 001 | 101002 | ||
| 003 | KnowledgeUnlatched | ||
| 005 | 20210303105222.0 | ||
| 006 | m o d | ||
| 007 | cr u|||||||||| | ||
| 008 | 210129p20172019ncu o u00| u eng d | ||
| 037 | _5BiblioBoard | ||
| 245 | 0 | 0 |
_aUnthinking Mastery _bDehumanism and Decolonial Entanglements / _cJuliette Singh. |
| 020 | _a9780822372363 | ||
| 029 | 1 | _ahttps://library.biblioboard.com/ext/api/media/3592bdd7-ca5d-49a3-9a14-350f2a2d2f49/assets/thumbnail.jpg | |
| 040 |
_aScCtBLL _cScCtBLL |
||
| 100 | 1 |
_aSingh, Juliette _eauthor. |
|
| 264 | 1 | _bDuke University Press, | |
| 300 | _a1 online resource (218 p.) | ||
| 506 | 0 |
_aAccess copy available to the general public. _fUnrestricted _2star |
|
| 520 | _aIn UNTHINKING MASTERY Julietta Singh demonstrates how pervasive the concept of mastery has been to modern politics, even to anti-colonial thought, which rejects forms of political domination and subjection. Anti-colonial discourse, Singh argues, has sought to recuperate the humanity of the colonized in ways that remain bound to masterful formulations of subjectivity. Drawing on postcolonial theory, queer theory, new materialism, and animal studies, Singh analyzes critiques of mastery across anti-colonial discourse to explore how modern formulations of decolonization that were explicitly pitched against colonial mastery continuously rehearse “other" forms of mastery in order to exceed it. Singh's goal isn't to discipline important figures from anti-colonial politics or the contemporary intellectual left, but rather to take seriously the messiness of our political strategies in the hope of deriving un-masterful styles of being. | ||
| 588 | 0 | _aDescription based on print version record. | |
| 590 | _aKU Select 2017: Front list Collection | ||
| 650 | 7 |
_aLiterary Criticism _2bisacsh |
|
| 650 | 0 |
_aLiterature _xHistory and criticism |
|
| 655 | 0 | _aElectronic books. | |
| 758 |
_iIs found in: _aKnowledge Unlatched _1https://openresearchlibrary.org/module/2774bc74-146a-484f-a7ba-ab1d6a09bbfb |
||
| 856 | 4 | 0 |
_uhttps://openresearchlibrary.org/content/3592bdd7-ca5d-49a3-9a14-350f2a2d2f49 _zView this content on Open Research Library. _70 |
| 999 |
_c25209 _d25209 |
||